Prospecto general
Guardat en:
| Autor corporatiu: | |
|---|---|
| Format: | Llibre |
| Idioma: | espanyol |
| Publicat: |
Concepción
Universidad de Concepción
1935
|
| Matèries: | |
| Etiquetes: |
Afegir etiqueta
Sense etiquetes, Sigues el primer a etiquetar aquest registre!
|
MARC
| LEADER | 00000nam a2200000 a 4500 | ||
|---|---|---|---|
| 001 | UCS3269 | ||
| 003 | CL-VaPUC | ||
| 008 | 970620e19350000CL |||||||||||||||||spa|d | ||
| 082 | 0 | 4 | |a 378.05 |b UNI |2 21 |
| 110 | 2 | |a Universidad de Concepción |e author |9 389243 | |
| 245 | 1 | 0 | |a Prospecto general |
| 300 | |a 72 p | ||
| 942 | |c BK | ||
| 945 | |d 19970620 00:00:00 |a lriquelm | ||
| 260 | |a Concepción |b Universidad de Concepción |c 1935 | ||
| 650 | 0 | |a Educación superior |9 223851 | |
| 650 | 0 | |a Universidades |9 256317 | |
| 650 | 7 | |a INGRESO EDUCACIONAL |2 CL-VaPUC |9 355646 | |
| 650 | 7 | |a ESCUELAS PROFESIONALES |2 CL-VaPUC |9 335542 | |
| 651 | 7 | |a CHILE |2 CL-VaPUC |9 389244 | |
| 583 | |a last modification |c 20170606 10:53:56 |k Rodrigo Vera | ||
| 999 | |c 261014 |d 261012 | ||
| 952 | |0 0 |1 0 |4 0 |6 378_050000000000000_UNI_1935 |7 0 |8 P |9 287770 |a BIBDER |b BIBDER |d 2019-11-19 |i 1866494 |o 378.05 UNI 1935 |p 1866494 |r 2023-01-25 |w 2019-11-19 |y BK |k DER | ||